| 000 | 00605nam a22001937a 4500 | ||
|---|---|---|---|
| 999 |
_c13402 _d13402 |
||
| 003 | AR-CdUCM | ||
| 008 | 190415b ||||| |||| 00| 0 spa d | ||
| 040 |
_aMUNICIPALIDAD PROVINCIAL DEL CUSCO _cBIBLIOTECA MUNICIPAL DEL CUSCO |
||
| 082 |
_aC / 353.11/ _bSU88 |
||
| 100 |
_aSuenaga Pinillos, Hector _931812 |
||
| 245 | _aPlan de Gobierno Municipal - Cusco / | ||
| 300 |
_a16 paginas ; _c21 cm. |
||
| 505 | _aContenido: Plan de Gobierno Municipal | ||
| 650 |
_aMunicipalidad _931813 |
||
| 650 |
_aPlan de Gobierno _931814 |
||
| 650 |
_aCusco _9772 |
||
| 942 |
_2ddc _cFOLLETOS |
||
| 945 |
_awnts _d2019-04-15 |
||